[Event "for NEW players (#16) - 10d+1d/m"]
[Site "SchemingMind.com"]
[Date "2010.03.19"]
[Round "-"]
[White "swarupsawant"]
[Black "ebzoli"]
[Result "0-1"]
[WhiteCountry "IND"]
[BlackCountry "HUN"]
[WhiteElo "1566"]
[WhiteRD "148"]
[BlackElo "1800"]
[BlackRD "230"]
[GameID "242529"]

1. e4 e5 2. Nf3 d5 3. exd5 Bd6 4. Nc3 f5 5. d4 e4 6. Ne5 Nf6 7. Bg5 O-O 8. Qd2 Nbd7 9. Qf4 Qe8 10. Bb5 a6
11. Bxf6 gxf6 12. Qxf5 axb5 13. Qg4+ Kh8 14. Nxd7 Bxd7 15. Qh4 b4 16. Ne2 Bb5 17. Ng3 b3 18. cxb3 e3 19. f3 Bb4+
0-1

[Event "for NEW players (#16) - 10d+1d/m"]
[Site "SchemingMind.com"]
[Date "2010.03.24"]
[Round "-"]
[White "ebzoli"]
[Black "swarupsawant"]
[Result "1-0"]
[WhiteCountry "HUN"]
[BlackCountry "IND"]
[WhiteElo "1800"]
[WhiteRD "230"]
[BlackElo "1566"]
[BlackRD "148"]
[GameID "242530"]

1. e4 e5 2. f4 exf4 3. Nf3 d5 4. exd5 Qxd5 5. d4 Bg4 6. Nc3 Bb4 7. Be2 Nc6 8. O-O Bxc3 9. bxc3 Qd6 10. Ng5 h6
11. Ne4 Qe6 12. Bxg4 Qe7 13. Re1 Kf8 14. Nc5 Qg5 15. Nd7#
1-0

[Event "for NEW players (#16) - 10d+1d/m"]
[Site "SchemingMind.com"]
[Date "2010.03.24"]
[Round "-"]
[White "eliot"]
[Black "swarupsawant"]
[Result "1-0"]
[WhiteCountry "USA"]
[BlackCountry "IND"]
[WhiteElo "1744"]
[WhiteRD "163"]
[BlackElo "1509"]
[BlackRD "105"]
[GameID "242538"]

1. Nf3 d5 2. d4 Nc6 3. g3 Nf6 4. Bg2 Bf5 5. O-O e6 6. c4 Be4 7. Nc3 Bxf3 8. Bxf3 Rb8 9. cxd5 exd5 10. Bf4 a6
11. Rc1 h6 12. Qd2 Bb4 13. Rfd1 O-O 14. Qd3 Re8 15. a3 Ba5 16. b4 Bb6 17. e3 g5 18. Be5 Nxe5 19. dxe5 Rxe5 20. Nxd5 Nxd5
21. Bxd5 Qf6 22. Ba2 c6 23. Bb1 Rd8 24. Qh7+ Kf8 25. Rxd8+ Bxd8 26. Rd1 Ke7 27. Ba2 Bb6 28. Qd3 h5 29. Qd7+ Kf8 30. Qxb7 Rxe3
31. Qxb6 Rxa3 32. Bb1 Rb3 33. Qc5+ Kg7 34. Be4 Rc3 35. Qd4 Qxd4 36. Rxd4
1-0

[Event "for NEW players (#16) - 10d+1d/m"]
[Site "SchemingMind.com"]
[Date "2010.03.19"]
[Round "-"]
[White "eliot"]
[Black "ebzoli"]
[Result "0-1"]
[WhiteCountry "USA"]
[BlackCountry "HUN"]
[WhiteElo "1744"]
[WhiteRD "163"]
[BlackElo "2038"]
[BlackRD "149"]
[GameID "242539"]

1. Nf3 f5 2. g3 Nf6 3. Bg2 g6 4. O-O Bg7 5. d4 d6 6. b4 O-O 7. Bb2 c6 8. c4 Na6 9. Qb3 Nc7 10. a4 h6
11. Nbd2 Qe8 12. b5 g5 13. Ne1 Ne6 14. Nd3 Ne4 15. Nxe4 fxe4 16. Bxe4 Nxd4 17. Bxd4 Bxd4 18. Rad1 Bh3 19. c5+ Qf7 20. Qxf7+ Rxf7
21. bxc6 bxc6 22. Bxc6 Rc8 23. Bg2 Bxg2 24. Kxg2 dxc5 25. e3 Bg7 26. Rb1 e6 27. Rfc1 c4 28. Rb4 Rd7
0-1

[Event "for NEW players (#16) - 10d+1d/m"]
[Site "SchemingMind.com"]
[Date "2010.03.24"]
[Round "-"]
[White "swarupsawant"]
[Black "eliot"]
[Result "1-0"]
[WhiteCountry "IND"]
[BlackCountry "USA"]
[WhiteElo "1566"]
[WhiteRD "148"]
[BlackElo "1496"]
[BlackRD "259"]
[GameID "242540"]

1. e4 e5 2. Nf3 Nc6 3. Bb5 Nf6 4. Nc3 Bb4 5. d3 d6 6. O-O O-O 7. Bg5 Bxc3 8. bxc3 Qe7 9. d4 Nd8 10. Rb1 Ne6
11. Bh4 Nf4 12. Qd2 Ng6 13. Bg5 h6 14. Bxf6 Qxf6 15. Bc4 Nf4 16. g3 Qg6 17. dxe5 Qxe4 18. Qxf4
1-0

[Event "for NEW players (#16) - 10d+1d/m"]
[Site "SchemingMind.com"]
[Date "2010.03.19"]
[Round "-"]
[White "ebzoli"]
[Black "eliot"]
[Result "1-0"]
[WhiteCountry "HUN"]
[BlackCountry "USA"]
[WhiteElo "2038"]
[WhiteRD "149"]
[BlackElo "1744"]
[BlackRD "163"]
[GameID "242541"]

1. e4 e5 2. f4 Bc5 3. Nf3 d6 4. Nc3 Nf6 5. Bc4 Nc6 6. d3 Bg4 7. Na4 O-O 8. Nxc5 dxc5 9. O-O Qd6 10. f5 Nd4
11. a4 a6 12. c3 b5 13. Bxf7+ Rxf7 14. cxd4 Bxf3 15. Rxf3 Qxd4+ 16. Be3 Qb4 17. axb5 Qxb5 18. Qc2 c4 19. dxc4 Qb7 20. b3 Nxe4
21. Re1 Rb8 22. Bc1 Nc5 23. Rxe5 Nxb3 24. Be3 Qb4 25. Qe4 Rd8 26. h4 Rff8 27. f6 Rd1+ 28. Kh2
1-0

[Event "for NEW players (#16) - 10d+1d/m"]
[Site "SchemingMind.com"]
[Date "2010.03.26"]
[Round "-"]
[White "Priyu"]
[Black "swarupsawant"]
[Result "0-1"]
[WhiteCountry "IND"]
[BlackCountry "IND"]
[WhiteElo "1297"]
[WhiteRD "149"]
[BlackElo "1606"]
[BlackRD "74"]
[GameID "242722"]

1. e4 e5 2. Nf3 Nc6 3. Bc4 d6 4. d4 Bg4 5. h3 Bxf3 6. Qxf3 Qf6 7. Qg3 Nxd4 8. Bd3 Ne7 9. Bg5 Qe6 10. Nc3 Nec6
11. Nd5 Rc8 12. O-O-O f6 13. Bh4 Ne7 14. Kb1 g5 15. Nxf6+ Qxf6 16. Bxg5 Qg6 17. h4 h6 18. a3 hxg5 19. h5 Qf6 20. f4 gxf4
21. Qg4 Rg8 22. Qh3 Rg3 23. Qh4 Qxh4 24. Rxh4 Bh6 25. c3 Nb3 26. Bb5+ c6 27. Bc4 Bg5 28. Rh2 Nc5 29. h6 Kd7 30. h7 Rh8
31. b4 Nxe4 32. Kb2 Nxc3 33. Ra1 b5 34. Bb3 Ne4 35. Re1 Nf6 36. a4 Rxh7 37. Rxh7 Rxg2+ 38. Ka3 Nxh7 39. Bc2 Rxc2 40. Rh1 Nf6
41. Rg1 Ne4 42. a5 Rc3+ 43. Kb2 Nd5 44. a6 Nxb4 45. Rg2 f3 46. Rg4 Rc4 47. Kb3 f2 48. Rg2 Nd2+
0-1

[Event "for NEW players (#16) - 10d+1d/m"]
[Site "SchemingMind.com"]
[Date "2010.03.21"]
[Round "-"]
[White "Priyu"]
[Black "ebzoli"]
[Result "0-1"]
[WhiteCountry "IND"]
[BlackCountry "HUN"]
[WhiteElo "1343"]
[WhiteRD "162"]
[BlackElo "2038"]
[BlackRD "149"]
[GameID "242723"]

1. e4 e5 2. Nf3 d5 3. d4 dxe4 4. Nxe5 Bd6 5. Bb5+ c6 6. Bc4 Bxe5 7. dxe5 Qxd1+ 8. Kxd1 Bf5 9. Nc3 Nd7 10. f4 exf3
11. gxf3 Nxe5 12. Re1 O-O-O+ 13. Ke2 Nxc4 14. Bg5 Nf6 15. Ne4 Rhe8 16. Kf2 Bxe4 17. fxe4 Nxe4+ 18. Kg1 Nxg5 19. b3 Nf3+ 20. Kf1 Nxe1
21. bxc4 Nxc2 22. Rc1 Ne3+ 23. Kg1 Nd1 24. a4 Re1+ 25. Kg2 Rd2+ 26. Kf3 Rf2+ 27. Kg3 Rg1+ 28. Kh3 Rf6 29. c5 Rh6#
0-1

[Event "for NEW players (#16) - 10d+1d/m"]
[Site "SchemingMind.com"]
[Date "2010.03.21"]
[Round "-"]
[White "Priyu"]
[Black "eliot"]
[Result "0-1"]
[WhiteCountry "IND"]
[BlackCountry "USA"]
[WhiteElo "1297"]
[WhiteRD "149"]
[BlackElo "1758"]
[BlackRD "161"]
[GameID "242724"]

1. e4 e5 2. Nf3 Nc6 3. Bc4 Bc5 4. O-O Nf6 5. Ng5 O-O 6. Qf3 Nd4 7. Qd3 d5 8. exd5 h6 9. Nc3 hxg5 10. Re1 Bf5
11. Ne4 Nxe4 12. Rxe4 Qf6 13. c3 Bxe4 14. Qxe4 Nc2 15. d4 Nxd4 16. cxd4 Bxd4 17. Be3 Rfe8 18. Bd3 Bxe3 19. Qh7+ Kf8 20. fxe3 g6
21. Rf1 Qg7 22. Qh3 e4 23. Bb5 Re7 24. Rd1 Qxb2 25. Qh6+ Qg7 26. Qxg5 Rd8 27. a4 a6 28. d6 Rxd6 29. Rc1 axb5 30. Qxb5 Qh6
31. Re1 Red7 32. Qxb7 Rd1
0-1

[Event "for NEW players (#16) - 10d+1d/m"]
[Site "SchemingMind.com"]
[Date "2010.03.26"]
[Round "-"]
[White "swarupsawant"]
[Black "Priyu"]
[Result "1-0"]
[WhiteCountry "IND"]
[BlackCountry "IND"]
[WhiteElo "1566"]
[WhiteRD "148"]
[BlackElo "1404"]
[BlackRD "176"]
[GameID "242725"]

1. e4 e5 2. Nf3 Nc6 3. Bb5 a6 4. Ba4 Nf6 5. Nc3 Bc5 6. Bxc6 dxc6 7. Nxe5 O-O 8. Nd3 Ng4 9. Nxc5 Qd4 10. Nd3 Re8
11. O-O Qf6 12. f3 Ne5 13. Nxe5 Qxe5 14. d4 Qf6 15. Re1 Rd8 16. e5 Qg6 17. Kh1 c5 18. d5 b5 19. Bf4 b4 20. Na4 Bb7
21. c4 Rd7 22. Nxc5 Rdd8 23. Nxb7 Rdb8 24. Nc5 a5 25. e6 Rf8 26. Bxc7 Rac8 27. Bd6 Rfd8 28. Nb7 Re8 29. e7 Rxc4 30. Rc1 Rcc8
31. Rxc8 Rxc8 32. e8=Q+ Rxe8 33. Rxe8#
1-0

[Event "for NEW players (#16) - 10d+1d/m"]
[Site "SchemingMind.com"]
[Date "2010.03.23"]
[Round "-"]
[White "ebzoli"]
[Black "Priyu"]
[Result "1-0"]
[WhiteCountry "HUN"]
[BlackCountry "IND"]
[WhiteElo "1800"]
[WhiteRD "230"]
[BlackElo "1404"]
[BlackRD "176"]
[GameID "242726"]

1. e4 e5 2. f4 Nc6 3. Nf3 Nf6 4. Nc3 Bc5 5. Bc4 h6 6. Bxf7+ Kxf7 7. fxe5 Ng4 8. d4 Bb6 9. h3 Bxd4 10. hxg4 Bb6
11. Qd5+ Kg6 12. e6 dxe6 13. Qh5+ Kh7 14. Qf7 Rf8 15. Rxh6#
1-0

[Event "for NEW players (#16) - 10d+1d/m"]
[Site "SchemingMind.com"]
[Date "2010.03.23"]
[Round "-"]
[White "eliot"]
[Black "Priyu"]
[Result "1-0"]
[WhiteCountry "USA"]
[BlackCountry "IND"]
[WhiteElo "1744"]
[WhiteRD "163"]
[BlackElo "1343"]
[BlackRD "162"]
[GameID "242727"]

1. Nf3 d5 2. d4 Nc6 3. g3 Nf6 4. Bg2 e6 5. O-O Bd6 6. c4 O-O 7. Nc3 dxc4 8. e4 Bb4 9. Bg5 h6 10. Bxf6 Qxf6
11. e5 Qg6 12. Nh4 Qg4 13. Qxg4 f5 14. Qd1 Rd8 15. Nf3 Bc5 16. dxc5 Rxd1 17. Raxd1 a5 18. a3 b5 19. cxb6 cxb6 20. Nd4 Bb7
21. Nxc6 Kh7 22. Rd6 Re8 23. Rfd1 b5 24. Nxb5 a4 25. Ncd4 Bxg2 26. Kxg2 f4 27. gxf4 c3 28. Nxc3 h5 29. Rxe6 Rb8 30. Ne4 Rxb2
31. Nf5 Ra2 32. Ng5+ Kg8 33. Re8#
1-0

[Event "for NEW players (#16) - 10d+1d/m"]
[Site "SchemingMind.com"]
[Date "2010.03.28"]
[Round "-"]
[White "Roose"]
[Black "swarupsawant"]
[Result "1-0"]
[WhiteCountry "CRO"]
[BlackCountry "IND"]
[WhiteElo "1912"]
[WhiteRD "167"]
[BlackElo "1566"]
[BlackRD "148"]
[GameID "242931"]

1. e4 e5 2. Nf3 Nc6 3. Bb5 d6 4. d4 Bd7 5. Nc3 exd4 6. Nxd4 Nxd4 7. Bxd7+ Qxd7 8. Qxd4 Qg4 9. Qa4+ c6 10. O-O Nf6
11. Re1 Be7 12. e5 Qe6 13. Bf4 dxe5 14. Rxe5 Qd7 15. Rae1 Ng8 16. Ne4 f6 17. Nd6+ Kf8 18. Re6 h5 19. Nf5 Bc5 20. Bd6+ Bxd6
21. Nxd6 g6 22. Re8+ Rxe8 23. Rxe8+ Kg7 24. Qd4 b6 25. Rd8 Qe6 26. Ne8+ Kh7 27. Qd7+ Qxd7 28. Rxd7+ Kh6 29. Rxa7 Rh7 30. Rxh7+ Kxh7
31. Kf1 g5 32. Ke2 Kg6 33. Nd6 f5 34. a4 Kf6 35. Nc4 b5 36. a5 Ne7 37. Nb6
1-0

[Event "for NEW players (#16) - 10d+1d/m"]
[Site "SchemingMind.com"]
[Date "2010.03.23"]
[Round "-"]
[White "Roose"]
[Black "ebzoli"]
[Result "0-1"]
[WhiteCountry "CRO"]
[BlackCountry "HUN"]
[WhiteElo "1689"]
[WhiteRD "144"]
[BlackElo "2038"]
[BlackRD "149"]
[GameID "242932"]

1. e4 e5 2. Bc4 c6 3. Nf3 d5 4. Bb3 Nf6 5. d3 Bd6 6. Nc3 Be6 7. Bg5 d4 8. Ne2 h6 9. Bxe6 fxe6 10. Bh4 Nbd7
11. c3 dxc3 12. bxc3 g5 13. Bg3 Qc7 14. Qb3 Nc5 15. Qc2 O-O-O 16. Nc1 g4 17. Nh4 Qg7 18. Nb3 Nh5 19. Nxc5 Bxc5 20. Rb1 Rd7
21. Rb3 Rf8 22. O-O Rdf7 23. Rb2 Nxg3 24. hxg3 Bxf2+ 25. Rxf2 Rxf2 26. Qxf2 Rxf2 27. Kxf2 Qf8+ 28. Ke3 Qc5+ 29. Kd2 Qf2+ 30. Kc1 Qxg3
31. Ng6 Qxd3
0-1

[Event "for NEW players (#16) - 10d+1d/m"]
[Site "SchemingMind.com"]
[Date "2010.03.23"]
[Round "-"]
[White "Roose"]
[Black "eliot"]
[Result "0-1"]
[WhiteCountry "CRO"]
[BlackCountry "USA"]
[WhiteElo "1689"]
[WhiteRD "144"]
[BlackElo "1744"]
[BlackRD "163"]
[GameID "242933"]

1. e4 e5 2. Nf3 Nc6 3. Bb5 Nf6 4. O-O Nxe4 5. d4 Nd6 6. Bxc6 dxc6 7. dxe5 Nf5 8. Qxd8+ Kxd8 9. Nc3 Ne7 10. h3 Ng6
11. Be3 Ke8 12. a3 Be7 13. Rad1 h5 14. Rfe1 h4 15. Nd4 Rh5 16. f4 Bd7 17. Ne4 c5 18. Ne2 b6 19. N2c3 Bc6 20. Nd5 Bxd5
21. Rxd5 f6 22. Rf1 fxe5 23. f5 Nf8 24. Rxe5 Nd7 25. Rd5 Nf6 26. Nxf6+ Bxf6 27. c3 Rd8 28. Rxd8+ Kxd8 29. Rf3 Kd7 30. Bd2 Kc6
31. b3 a6 32. c4 Bb2 33. a4 Bf6 34. Kf2 Be5 35. Ke2 Bf6 36. Kd3 Kd6 37. Bc3 Bxc3 38. Kxc3 Ke5 39. Re3+ Kxf5 40. g4+ Kf4
41. Kd3 Re5 42. Rxe5 Kxe5 43. Ke3 a5 44. Ke2 Ke4 45. g5 g6 46. Kf2 Kf4 47. Kg2 Kxg5
0-1

[Event "for NEW players (#16) - 10d+1d/m"]
[Site "SchemingMind.com"]
[Date "2010.03.23"]
[Round "-"]
[White "Roose"]
[Black "Priyu"]
[Result "1-0"]
[WhiteCountry "CRO"]
[BlackCountry "IND"]
[WhiteElo "1912"]
[WhiteRD "167"]
[BlackElo "1404"]
[BlackRD "176"]
[GameID "242934"]

1. e4 e5 2. Nf3 Nc6 3. Bb5 a6 4. Ba4 Nf6 5. O-O b5 6. Bb3 Nxe4 7. d4 d6 8. dxe5 Be7 9. Qd5 Qd7 10. Qxe4 Bb7
11. e6 fxe6 12. Bxe6 Qd8 13. Bd5 Ra7 14. Bxc6+ Bxc6 15. Qxc6+ Kf8 16. Be3 Ra8 17. Nc3 h5 18. Nd5 h4 19. Qxc7 Qe8 20. Qxe7+ Qxe7
21. Nxe7 Kxe7 22. Bg5+ Kf7 23. Bxh4 Kg8 24. Bg3 Rd8 25. Rad1 Rh6 26. Rfe1 b4 27. Re4 a5 28. Red4 Re6 29. Rxd6 a4 30. Rxd8+ Kh7
31. Ng5+ Kg6 32. Nxe6 b3 33. axb3 axb3 34. cxb3 Kf6 35. b4 Kxe6 36. b5 g5 37. b6 Kf5 38. b7 g4 39. b8=Q Kg5 40. R1d5+ Kg6
41. Qb6+ Kf7 42. R5d7#
1-0

[Event "for NEW players (#16) - 10d+1d/m"]
[Site "SchemingMind.com"]
[Date "2010.03.28"]
[Round "-"]
[White "swarupsawant"]
[Black "Roose"]
[Result "0-1"]
[WhiteCountry "IND"]
[BlackCountry "CRO"]
[WhiteElo "1566"]
[WhiteRD "148"]
[BlackElo "1912"]
[BlackRD "167"]
[GameID "242936"]

1. e4 c5 2. Nf3 Nc6 3. d4 cxd4 4. Nxd4 Nf6 5. Nc3 d6 6. Bb5 Bd7 7. Bxc6 Bxc6 8. Qf3 e5 9. Nf5 g6 10. Ng3 Bg7
11. Bg5 h6 12. Be3 Nh7 13. Qg4 Qd7 14. Nf5 gxf5 15. Qxg7 O-O-O 16. g3 Ng5 17. Qf6 Nxe4 18. Nxe4 Bxe4 19. Bxa7 Bxh1 20. O-O-O Bc6
21. Bb6 Qe6 22. Qxe6+ fxe6 23. Bxd8 Rxd8 24. h4 d5 25. Re1 e4 26. Kd2 d4 27. a3 d3 28. Re3 dxc2+ 29. Kxc2 e5 30. b4 Ba4+
31. Kc3 Kd7 32. f3 Bc6 33. fxe4 Bxe4 34. g4 Ke6
0-1

[Event "for NEW players (#16) - 10d+1d/m"]
[Site "SchemingMind.com"]
[Date "2010.03.23"]
[Round "-"]
[White "ebzoli"]
[Black "Roose"]
[Result "1-0"]
[WhiteCountry "HUN"]
[BlackCountry "CRO"]
[WhiteElo "2038"]
[WhiteRD "149"]
[BlackElo "1689"]
[BlackRD "144"]
[GameID "242937"]

1. e4 c5 2. b4 cxb4 3. a3 bxa3 4. Bxa3 d6 5. d4 Nf6 6. Bd3 Nc6 7. Ne2 g6 8. O-O Bg7 9. Nd2 a6 10. h3 O-O
11. c4 e5 12. d5 Ne7 13. c5 dxc5 14. Bxc5 Nfxd5 15. exd5 Qxd5 16. Ne4 Rd8 17. Bxe7 Qxd3 18. Bxd8 Qxe4 19. Nc3 Qd4 20. Nb5 Qxd1
21. Rfxd1 Bf5 22. Bb6 e4 23. Bd4 Bf8 24. g4 Bd7 25. Nc7 Rc8 26. Nd5 Bc6 27. Nf6+ Kg7 28. Nxe4+ Kg8 29. Nf6+ Kg7 30. Nd7+ Kg8
31. Nxf8 Kxf8 32. Kh2 Bf3 33. Rd2 Rc6 34. Kg3 Be4 35. f3 Bd5 36. Bb2 Be6 37. Bf6 Rc8 38. Rad1
1-0

[Event "for NEW players (#16) - 10d+1d/m"]
[Site "SchemingMind.com"]
[Date "2010.03.23"]
[Round "-"]
[White "eliot"]
[Black "Roose"]
[Result "1/2-1/2"]
[WhiteCountry "USA"]
[BlackCountry "CRO"]
[WhiteElo "1744"]
[WhiteRD "163"]
[BlackElo "1689"]
[BlackRD "144"]
[GameID "242938"]

1. Nf3 Nf6 2. c4 g6 3. g3 Bg7 4. Bg2 O-O 5. O-O d5 6. d4 dxc4 7. Na3 c3 8. bxc3 c5 9. e3 Nc6 10. Qe2 Bf5
11. Rd1 Qb6 12. Nd2 cxd4 13. cxd4 Rac8 14. Nb3 Na5 15. Nc5 Rxc5 16. dxc5 Qxc5 17. Qb5 Ne4 18. Qxc5 Nxc5 19. Bd2 Bxa1 20. Rxa1 Nc6
21. Bxc6 bxc6 22. Rc1 Ne4 23. Ba5 Rc8 24. Nc4 Nd6 25. Ne5 c5 26. Nc4 Nxc4 27. Rxc4 Bd3 28. Ra4 c4 29. Bc3 Rc7 30. f3 Rb7
31. Rb4 Rxb4 32. Bxb4 e5 33. Bc3 e4 34. f4 f5 35. Kf2 Kf7 36. Ke1 h6 37. h4 h5 38. Kd2 Ke6 39. Kc1 Kd5 40. Kb2 Ke6
41. Bd4 a6 42. Bc3 Kd5= 43. Ka3 Bb1 44. Kb2 Bd3 45. Ka3=
1/2-1/2

[Event "for NEW players (#16) - 10d+1d/m"]
[Site "SchemingMind.com"]
[Date "2010.03.23"]
[Round "-"]
[White "Priyu"]
[Black "Roose"]
[Result "0-1"]
[WhiteCountry "IND"]
[BlackCountry "CRO"]
[WhiteElo "1404"]
[WhiteRD "176"]
[BlackElo "1912"]
[BlackRD "167"]
[GameID "242939"]

1. e4 c5 2. Nf3 Nc6 3. d4 cxd4 4. Nxd4 Nf6 5. Nc3 d6 6. Bb5 Bd7 7. O-O g6 8. Re1 Bg7 9. e5 Nxe5 10. Bf4 Bxb5
11. Ncxb5 Nc6 12. Bxd6 O-O 13. Bc7 Qd5 14. b3 a6 15. c4 Qh5 16. Qd2 axb5 17. cxb5 Nxd4 18. Qxd4 Ng4 19. Qd7 Bxa1 20. Rxa1 Qc5
21. Bg3 Qc3 22. Rf1 Qc8 23. Qxe7 Rxa2 24. h3 Re8 25. Qb4 Nf6 26. Qh4 Ne4 27. Bf4 Nd2 28. Rd1 Re4 29. f3 Qc5+ 30. Kh2 Rxf4
31. Qxf4 Qf2 32. Qb8+ Kg7 33. Qe5+ f6 34. Qc7+ Kh6 35. Qf4+ Kg7 36. Qc7+ Kf8 37. Qc8+ Kg7= 38. Qxb7+ Kh6 39. Qd5 Nf1+ 40. Rxf1 Qxg2#
0-1